<?xml version="1.0" encoding="UTF-8"?>
<record
    xmlns:xsi="http://www.w3.org/2001/XMLSchema-instance"
    xsi:schemaLocation="http://www.loc.gov/MARC21/slim http://www.loc.gov/standards/marcxml/schema/MARC21slim.xsd"
    xmlns="http://www.loc.gov/MARC21/slim">

  <leader>01267nam a22002177a 4500</leader>
  <datafield tag="952" ind1=" " ind2=" ">
    <subfield code="0">0</subfield>
    <subfield code="1">0</subfield>
    <subfield code="4">0</subfield>
    <subfield code="7">0</subfield>
    <subfield code="a">04</subfield>
    <subfield code="b">04</subfield>
    <subfield code="d">2013-09-05</subfield>
    <subfield code="l">5</subfield>
    <subfield code="o">BJ66 G37 2006</subfield>
    <subfield code="p">04 002286</subfield>
    <subfield code="r">2018-07-11</subfield>
    <subfield code="s">2018-07-11</subfield>
    <subfield code="t">1</subfield>
    <subfield code="w">2013-09-05</subfield>
    <subfield code="y">LB</subfield>
  </datafield>
  <datafield tag="952" ind1=" " ind2=" ">
    <subfield code="0">0</subfield>
    <subfield code="1">0</subfield>
    <subfield code="4">0</subfield>
    <subfield code="7">0</subfield>
    <subfield code="a">04</subfield>
    <subfield code="b">04</subfield>
    <subfield code="d">2013-09-05</subfield>
    <subfield code="l">7</subfield>
    <subfield code="o">BJ66 G37 2006</subfield>
    <subfield code="p">04 002287</subfield>
    <subfield code="r">2020-02-18</subfield>
    <subfield code="s">2020-02-18</subfield>
    <subfield code="t">2</subfield>
    <subfield code="w">2013-09-05</subfield>
    <subfield code="y">LB</subfield>
  </datafield>
  <datafield tag="999" ind1=" " ind2=" ">
    <subfield code="c">90717</subfield>
    <subfield code="d">90717</subfield>
  </datafield>
  <controlfield tag="008">130905s2006    mx            001 0 sp  d</controlfield>
  <datafield tag="020" ind1=" " ind2=" ">
    <subfield code="a">9789682475306</subfield>
  </datafield>
  <datafield tag="050" ind1=" " ind2="4">
    <subfield code="a">BJ66 </subfield>
    <subfield code="b">G37 2006</subfield>
  </datafield>
  <datafield tag="100" ind1="1" ind2=" ">
    <subfield code="a">Garc&#xED;a Alonso, Luz</subfield>
    <subfield code="e"> , autor</subfield>
  </datafield>
  <datafield tag="245" ind1="1" ind2="0">
    <subfield code="a">&#xC9;tica o filosof&#xED;a moral </subfield>
    <subfield code="b"> / Luz Garc&#xED;a Alonso </subfield>
  </datafield>
  <datafield tag="250" ind1=" " ind2=" ">
    <subfield code="a">2a. edici&#xF3;n </subfield>
  </datafield>
  <datafield tag="260" ind1=" " ind2=" ">
    <subfield code="a">M&#xE9;xico</subfield>
    <subfield code="b"> : Trillas </subfield>
    <subfield code="c"> , 2006</subfield>
  </datafield>
  <datafield tag="300" ind1=" " ind2=" ">
    <subfield code="a">256 p&#xE1;ginas </subfield>
    <subfield code="c"> ; 23 cm.</subfield>
  </datafield>
  <datafield tag="500" ind1=" " ind2=" ">
    <subfield code="a">En portada: "&#xC9;tica es un saber de lo necesario ; Los actos humanos ; Hombre y valor ; Filosof&#xED;a y teolog&#xED;a" </subfield>
  </datafield>
  <datafield tag="500" ind1=" " ind2=" ">
    <subfield code="a">Reimpresi&#xF3;n 2012</subfield>
  </datafield>
  <datafield tag="505" ind1="0" ind2=" ">
    <subfield code="a">Introducci&#xF3;n al estudio de la &#xE9;tica 
La &#xE9;tica, su naturaleza y su relaci&#xF3;n con otras ciencias filos&#xF3;ficas 
Esencia de la moralidad 
Visi&#xF3;n panor&#xE1;mica de la &#xE9;tica 
Esencia de la moralidad 
El criterio de la moralidad 
El problema de la libertad 
El hombre, sujeto libre
El acto libre 
El bien, el fin &#xFA;ltimo, el valor 
La moralizaci&#xF3;n del individuo 
Doctrinas &#xE9;ticas fundamentales 
Los sofistas, S&#xF3;crates, Epicure&#xED;smo, Esroicos
Arist&#xF3;teles. El cristianismo
Kant, Marx 
Existencialismo, pragmatismo</subfield>
  </datafield>
  <datafield tag="519" ind1=" " ind2=" ">
    <subfield code="a">Material Complementario / </subfield>
    <subfield code="d">(04 002286)</subfield>
  </datafield>
  <datafield tag="519" ind1=" " ind2=" ">
    <subfield code="a">Material Complementario / </subfield>
    <subfield code="d">(04 002287) </subfield>
  </datafield>
  <datafield tag="650" ind1=" " ind2="4">
    <subfield code="a">&#xC9;TICA</subfield>
    <subfield code="x">ESTUDIO Y ENSE&#xD1;ANZA </subfield>
  </datafield>
  <datafield tag="942" ind1=" " ind2=" ">
    <subfield code="c">LB</subfield>
  </datafield>
</record>
